00685 2200205 4500001002100000005001700021008004100038035002400079040001200103082001200115090002000127100002200147245011300169260006600282300003000348500003100378504002700409650002500436990001800461YOGYA-0113000000057220130109110530.0 ind  0010-011300000000572 aYOPDYOG a362.293 aSK 362.29 Nur P aNURI PANJI ASMORO aPengaruh narkotika terhadap keberagaman (Studi Kasus Tiga Remaja Tukangan Yogyakarta)/oleh Nuri Panji Asmoro aYogyakartabFakultas Dakwah Universitas Islam Indonesiac2004 aX,70,(14)lbr.,lampc29 cm aSkripsi UIN Sunan Kalijaga aBibliografi(lbr.71-72) aNarkotika dan Remaja a42802-PD/A.12